| 000 | 01295nam2a22002771 4500 | ||
|---|---|---|---|
| 001 | rc\157141 | ||
| 005 | 20250612170422.0 | ||
| 010 |
_a5-229-00801-6 _91000 |
||
| 035 | _a(NLR Aleph) 008741827 | ||
| 090 |
_a9535028 _c9535028 |
||
| 100 | _a20030307d1995 |||y0rusy50 ca | ||
| 101 | 0 | _arus | |
| 102 | _aRU | ||
| 105 | _aa ||||||||| | ||
| 200 | 1 |
_aПрименение _eКн. 2 _eПер. с нем. _fПер. И.М. Копьева, В.А. Федоровича _gПод ред. С.Б. Масленкова |
|
| 210 |
_d1995 _aБ. м. |
||
| 215 |
_a397, [1] с. _cил. _d22 |
||
| 300 | _aПеревод изд.: Werkstoffkunde. Stahl. Bd. 2. Anwendung (Berlin etc., 1985) | ||
| 320 | _aБиблиогр.: с. 369-392 | ||
| 320 | _aПредм. указ.: с. 393-396 | ||
| 461 | 0 |
_1001rc\157137 _12001#$aМеталловедение. Сталь$eСправочник$eВ 2 т. (4 кн.)$f[Сост. В. Енихе и др.]$gПер. с нем. под ред. М.Л. Бернштейна$vТ. 2 _97833861 _cМ. _d1995- _f[Сост. В. Енихе и др.] _nМеталлургия _oСправочник : В 2 т. (4 кн.) _tМеталловедение. Сталь _y5229007974 _vТ. 2 |
|
| 801 | 0 |
_aRU _bNLR _gpsbo |
|
| 801 | 1 |
_aRU _bELAR _2rusmarc |
|
| 852 |
_aNLR _j95-5/1660 |
||
| 942 | _cBOOK | ||
| 980 | _aNB | ||